000 01816nam0a2200349 4500
001 RU\NLR\BIBL_A\012737396
005 20230828134038.0
010 _a978-5-00180-433-8
_91000
021 _aRU
_bКН-П-21-085527
_9КН-П-21-6811
035 _a(NLR Aleph) 012737396
035 _a(RuMoRGB)010913244
090 _a12991522
_c12991522
100 _a20220322d2022 u y0rusy50 ca
101 0 _arus
102 _aRU
105 _ay z 000ay
181 0 _ai
_baxxe
182 0 _an
200 1 _aЗолотая стена
_eкак утилизировать планету
_eрассказы контрразведчика
_fВладимир Ксенз
203 _aТекст
_bвизуальный
_cнепосредственный
205 _aИзд. 3-е, испр. и доп
210 _aМосква
_cРодина
_d2022
215 _a335, [2] с.
_d21
327 0 _aСодерж.: Золотая стена: повесть; рассказы: Ребята из нашего двора; Жизнь без любви не бывает счастливой; Золотой "Белорусский треугольник"; очерки: О духовном, культурном, нравственном возрождении нации и государства; Обернуться назад, чтобы посмотреть вперёд; Тайны подземного мира; Национальная идея и мифы истории; Утерянные ценности; Мост в Будущее [и др.]
675 _a821.161.1-31/-32
_v4
686 2 _aШ6(2=Р)8-4
700 1 _aКсенз
_bВ. П.
_gВладимир Петрович
942 _cBOOK
980 _aNB